[Event "11th World Teams Women"]
[Site "Khanty-Mansiysk RUS"]
[Date "2017.06.17"]
[Round "1.2"]
[Board "3"]
[White "Padmini, Rout"]
[Black "Khotenashvili, Bela"]
[Result "1/2-1/2"]
[WhiteTitle "IM"]
[BlackTitle "GM"]
[WhiteElo "2375"]
[BlackElo "2452"]
[WhiteTeam "India"]
[BlackTeam "Georgia"]
[WhiteFideId "5029295"]
[BlackFideId "13602640"]
[EventDate "2017.06.17"]

1. e4 c6 2. d4 d5 3. e5 c5 4. Nf3 cxd4 5. Nxd4 e6 6. Nd2 Nc6 7. N2f3 Nge7 8. c3
Ng6 9. Nxc6 bxc6 10. Bd3 Be7 11. Qa4 Qc7 12. O-O a5 13. Re1 Bd7 14. Qg4 Qd8 15.
a4 Rb8 16. Rb1 c5 17. b3 Bc6 18. Bc2 Rb7 19. Bd2 Rd7 20. Rbd1 d4 21. cxd4 cxd4
22. Be4 Bxe4 23. Qxe4 O-O 24. g3 Bc5 25. h4 h6 26. Qg4 Kh7 27. Qh5 Qb6 28. Ng5+
Kg8 29. Ne4 Be7 30. Bxh6 gxh6 31. Qxh6 Qd8 32. f4 Re8 33. h5 Bf8 34. Qg5 Qxg5
35. fxg5 Bg7 36. hxg6 Bxe5 37. Nc5 Rd5 38. gxf7+ Kxf7 39. Ne4 d3 40. Kg2 Rb8 41.
Nf2 Rxb3 42. Nxd3 Bb8 43. Re3 Kg7 44. g6 Rg5 45. Rde1 Bxg3 46. Rxg3 Rxg3+ 47.
Kxg3 Rxd3+ 48. Kf4 Rd4+ 49. Ke5 Rxa4 50. Rg1 Rb4 51. Kxe6 Rb6+ 52. Kd5 Rxg6 1/2-1/2

[Event "11th World Teams Women"]
[Site "Khanty-Mansiysk RUS"]
[Date "2017.06.17"]
[Round "1.3"]
[Board "2"]
[White "Mammadzada, Gunay"]
[Black "Szczepkowska, Karina"]
[Result "1/2-1/2"]
[WhiteTitle "WGM"]
[BlackTitle "IM"]
[WhiteElo "2368"]
[BlackElo "2414"]
[WhiteTeam "Azerbaijan"]
[BlackTeam "Poland"]
[WhiteFideId "13403729"]
[BlackFideId "1122681"]
[EventDate "2017.06.17"]

1. e4 e5 2. Nf3 Nc6 3. Bb5 a6 4. Ba4 Nf6 5. O-O Be7 6. Re1 b5 7. Bb3 d6 8. c3
O-O 9. d4 Bg4 10. Be3 exd4 11. cxd4 Na5 12. Bc2 c5 13. h3 Bh5 14. g4 Bg6 15.
Nbd2 Rc8 16. d5 Nd7 17. Nh2 Bf6 18. f4 h6 19. Rb1 Re8 20. Nhf3 c4 21. f5 Bh7 22.
Nf1 Nb7 23. Ng3 Nbc5 24. Kg2 Ne5 25. Nxe5 Bxe5 26. Nh5 b4 27. b3 cxb3 28. axb3
a5 29. Re2 a4 30. bxa4 b3 31. Bxb3 Nxe4 32. Bd2 Nc3 33. Bxc3 Rxc3 34. Rc1 Rxc1
35. Qxc1 g6 36. fxg6 fxg6 37. Ng3 Bxg3 38. Rxe8+ Qxe8 39. Kxg3 Qe5+ 40. Kf3 g5
41. Qe3 Qh2 42. a5 Qxh3+ 43. Kf2 Qh2+ 44. Ke1 Qh1+ 45. Kd2 Qa1 46. Qe8+ Kg7 47.
Qd7+ Kg8 48. Qc8+ Kf7 49. Qc7+ Kg8 50. Qc8+ Kf7 51. Qc7+ Kg8 52. Qb8+ Kf7 53.
Qc7+ 1/2-1/2

[Event "11th World Teams Women"]
[Site "Khanty-Mansiysk RUS"]
[Date "2017.06.18"]
[Round "2.1"]
[Board "4"]
[White "Guo, Qi"]
[Black "Osmak, Iulija"]
[Result "1/2-1/2"]
[WhiteTitle "IM"]
[BlackTitle "WGM"]
[WhiteElo "2417"]
[BlackElo "2350"]
[WhiteTeam "China"]
[BlackTeam "Ukraine"]
[WhiteFideId "8604002"]
[BlackFideId "14101602"]
[EventDate "2017.06.17"]

1. d4 d5 2. Nf3 Nf6 3. c4 c6 4. e3 g6 5. Nc3 Bg7 6. Bd3 O-O 7. O-O Bg4 8. h3
Bxf3 9. Qxf3 e6 10. b3 Nbd7 11. Bb2 a5 12. Qd1 Re8 13. Qc2 Nb6 14. Rab1 Nc8 15.
Na4 Nd7 16. Rfd1 f5 17. Ba3 Bf8 18. Bxf8 Rxf8 19. b4 Rf7 20. cxd5 cxd5 21. Nc5
Nf8 22. bxa5 Qxa5 23. Nxb7 Qxa2 24. Qxa2 Rxa2 25. Rdc1 Ra8 26. Rc6 Rb8 27. Nd8
Rxb1+ 28. Bxb1 Na7 29. Rb6 Re7 30. Ba2 Kg7 31. f3 Nc8 32. Rc6 Na7 33. Ra6 Nb5
34. Rb6 Nc7 35. Nc6 Rd7 36. Ne5 Re7 37. Rb7 Kf6 38. g4 h6 39. h4 g5 40. gxf5
exf5 41. Rb8 Nd7 42. Nxd7+ Rxd7 43. Rb6+ Ne6 44. e4 fxe4 45. fxe4 Ke7 46. Bxd5
Nxd4 47. Rxh6 Nf3+ 48. Kf2 Nxh4 49. Re6+ Kf8 50. Re5 Rg7 51. Kg3 Rg6 52. Bc4 Rg7
53. Rc5 Ke7 54. Kg4 Ng2 55. Ba2 Kd6 56. Rd5+ Ke7 57. Ra5 Ne3+ 58. Kh5 Kd6 59.
e5+ Kc6 60. Ra6+ Kc5 61. Ra3 Kd4 62. Bb1 Nd5 63. Kh6 Re7 64. Ra4+ Kxe5 65. Re4+
Kf6 66. Rxe7 Nxe7 67. Kh5 Nf5 68. Kg4 Ne3+ 1/2-1/2

[Event "11th World Teams Women"]
[Site "Khanty-Mansiysk RUS"]
[Date "2017.06.18"]
[Round "2.4"]
[Board "4"]
[White "Majdan, Joanna"]
[Black "Melia, Salome"]
[Result "1-0"]
[WhiteTitle "WGM"]
[BlackTitle "IM"]
[WhiteElo "2366"]
[BlackElo "2393"]
[WhiteTeam "Poland"]
[BlackTeam "Georgia"]
[WhiteFideId "1121979"]
[BlackFideId "13602446"]
[EventDate "2017.06.17"]

1. e4 c5 2. Nc3 Nc6 3. Bb5 Nd4 4. Nf3 e6 5. O-O a6 6. Bd3 Nc6 7. Re1 g5 8. Kh1
Bg7 9. Bf1 h6 10. d3 Nge7 11. Be3 d6 12. Ng1 Ng6 13. Nge2 O-O 14. f4 gxf4 15.
Nxf4 Nxf4 16. Bxf4 Ne5 17. Qd2 Kh7 18. Ne2 Ng6 19. Be3 b6 20. Ng3 Bb7 21. Nh5
Be5 22. g3 f5 23. Bg2 fxe4 24. dxe4 Nh4 25. Bxh6 Nf3 26. Bxf3 Rxf3 27. Qg2 Rf5
28. Qh3 Qe8 29. Nf4 Bxf4 30. Bg5+ Kg8 31. Bxf4 Qg6 32. Bxd6 Rh5 33. Qg2 Rd8 34.
Rad1 e5 35. Qe2 Rf5 36. Kg1 Rf7 37. Bxe5 Re8 38. Rd6 Qg5 39. Bc3 Rxe4 40. Qd2
Qxd2 41. Bxd2 Rxe1+ 42. Bxe1 b5 43. Bf2 c4 44. Bd4 Be4 45. c3 a5 46. Bf6 Rb7 47.
Ra6 a4 48. Kf2 Rd7 49. Bd4 Rf7+ 50. Ke3 Bf5 51. Rb6 Bd7 52. Bf6 Rh7 53. h4 Kf7
54. Be5 Ke7 55. Ke4 Rf7 56. Bd6+ Kf6 57. Bf8+ Be6 58. Bc5 Rd7 59. g4 Kf7 60. g5
Bg4 61. g6+ Kg8 62. Bd4 Re7+ 63. Kf4 Bd7 64. h5 Re8 65. h6 Rf8+ 66. Bf6 1-0

[Event "11th World Teams Women"]
[Site "Khanty-Mansiysk RUS"]
[Date "2017.06.18"]
[Round "2.5"]
[Board "3"]
[White "Nemcova, Katerina"]
[Black "Padmini, Rout"]
[Result "1/2-1/2"]
[WhiteTitle "WGM"]
[BlackTitle "IM"]
[WhiteElo "2313"]
[BlackElo "2375"]
[WhiteTeam "United States"]
[BlackTeam "India"]
[WhiteFideId "322750"]
[BlackFideId "5029295"]
[EventDate "2017.06.17"]

1. d4 Nf6 2. Bf4 e6 3. e3 d5 4. Nf3 c5 5. c3 Nc6 6. Nbd2 cxd4 7. cxd4 Qb6 8. Qb3
Qxb3 9. Nxb3 Nh5 10. Bg5 f6 11. Bh4 g5 12. Bg3 Nxg3 13. hxg3 Kf7 14. Rc1 Bd6 15.
a3 Ne7 16. Bd3 b6 17. Ke2 g4 18. Ne1 h5 19. Kd2 Bd7 20. Rc3 Rh6 21. Nc1 b5 22.
b4 a5 23. Nc2 axb4 24. axb4 Ra4 25. Be2 e5 26. Nd3 Rh8 27. Nc5 Bxc5 28. Rxc5 Ra2
29. Kc3 Bf5 30. Bd3 Ke6 31. Rxb5 Bxd3 32. Kxd3 Nf5 33. Ra5 Ra8 34. Rxa2 Rxa2 35.
Rxh5 Nd6 36. dxe5 fxe5 37. f4 gxf3 38. gxf3 Rb2 39. Rh6+ Kd7 40. Kc3 Rb1 41. g4
Rf1 42. Rh3 Nb5+ 43. Kb2 d4 44. exd4 exd4 45. Rh5 Kc6 46. Rc5+ Kb6 47. Rd5 Kc6
48. Rc5+ Kb6 49. Rd5 Kc6 50. Rc5+ 1/2-1/2

[Event "11th World Teams Women"]
[Site "Khanty-Mansiysk RUS"]
[Date "2017.06.19"]
[Round "3.1"]
[Board "1"]
[White "Harika, Dronavalli"]
[Black "Ushenina, Anna"]
[Result "1/2-1/2"]
[WhiteTitle "GM"]
[BlackTitle "GM"]
[WhiteElo "2535"]
[BlackElo "2458"]
[WhiteTeam "India"]
[BlackTeam "Ukraine"]
[WhiteFideId "5015197"]
[BlackFideId "14110911"]
[EventDate "2017.06.17"]

1. e4 c5 2. Nf3 e6 3. d4 cxd4 4. Nxd4 Nc6 5. Nc3 Qc7 6. Be2 Nf6 7. Be3 a6 8. O-O
Be7 9. f4 d6 10. Qe1 O-O 11. Qg3 Nxd4 12. Bxd4 b5 13. a3 Bb7 14. Kh1 Rad8 15.
Rae1 Bc6 16. Bd3 Qd7 17. Na2 Nh5 18. Qf2 e5 19. fxe5 dxe5 20. Bxe5 Nf6 21. Bxf6
Bxf6 22. e5 Be7 23. Nb4 Bb7 24. Be4 Bxb4 25. axb4 Bxe4 26. Rxe4 Qd2 27. h3 Qd5
28. Rfe1 Rfe8 29. c3 Qb3 30. Kh2 Rd7 31. R1e2 Rde7 32. Qg3 Qd1 33. Qf4 Qd7 34.
Rd4 Qc7 35. Red2 h6 36. Rd6 Rxe5 37. Rxa6 Qe7 38. Ra1 Re4 39. Qg3 Re3 40. Qf4
Re4 41. Qd6 Qxd6+ 42. Rxd6 Re2 43. Rad1 Rxb2 44. Rd8 Re2 45. R1d5 Rxd8 46. Rxd8+
Kh7 47. Rd5 Re3 48. Rc5 g5 49. Kg1 Kg6 50. Kf2 Rd3 51. Ke2 Rg3 52. Kf2 Rd3 53.
Rxb5 Rxc3 54. Rc5 Rb3 55. b5 h5 56. Ke2 h4 57. Rc6+ Kh5 58. b6 f5 59. Kd2 g4 60.
Kc2 Rb5 61. Kd3 g3 62. Kc3 1/2-1/2

[Event "11th World Teams Women"]
[Site "Khanty-Mansiysk RUS"]
[Date "2017.06.19"]
[Round "3.1"]
[Board "3"]
[White "Karavade, Eesha"]
[Black "Osmak, Iulija"]
[Result "1/2-1/2"]
[WhiteTitle "IM"]
[BlackTitle "WGM"]
[WhiteElo "2388"]
[BlackElo "2350"]
[WhiteTeam "India"]
[BlackTeam "Ukraine"]
[WhiteFideId "5012600"]
[BlackFideId "14101602"]
[EventDate "2017.06.17"]

1. d4 d5 2. Bf4 Nf6 3. e3 c5 4. c3 Nc6 5. Nd2 Bg4 6. Qb3 Qc8 7. dxc5 e6 8. Ngf3
Bxc5 9. Ne5 Bf5 10. Bd3 Bxd3 11. Nxd3 Be7 12. h3 O-O 13. O-O b6 14. Qa4 Qb7 15.
Rac1 b5 16. Qd1 Na5 17. Qe2 Nc4 18. Nf3 Rfc8 19. Nde5 Ne4 20. Rfd1 a5 21. Rc2 a4
22. Nxc4 bxc4 23. Rb1 Rc6 24. Nd2 Nxd2 25. Rxd2 Bf6 26. Rc1 Rb6 27. e4 a3 28.
bxa3 Rb1 29. Rc2 Rxc1+ 30. Rxc1 Rxa3 31. exd5 Qxd5 32. Rd1 Rxa2 33. Rxd5 Rxe2
34. Rc5 h6 35. Rxc4 Rc2 36. Kf1 Rxc3 37. Rxc3 Bxc3 38. Be3 e5 39. Ke2 f5 40. Kd3
Ba1 41. g4 e4+ 42. Ke2 Kf7 43. gxf5 Kf6 44. f3 Kxf5 45. Kf2 h5 46. fxe4+ Kxe4
47. Bd2 Be5 48. Kg2 Bf4 49. Bc3 Be5 50. Bd2 Bf4 1/2-1/2

[Event "11th World Teams Women"]
[Site "Khanty-Mansiysk RUS"]
[Date "2017.06.19"]
[Round "3.1"]
[Board "4"]
[White "Buksa, Nataliya"]
[Black "Padmini, Rout"]
[Result "1/2-1/2"]
[WhiteTitle "WGM"]
[BlackTitle "IM"]
[WhiteElo "2344"]
[BlackElo "2375"]
[WhiteTeam "Ukraine"]
[BlackTeam "India"]
[WhiteFideId "14123622"]
[BlackFideId "5029295"]
[EventDate "2017.06.17"]

1. e4 e5 2. Nf3 Nc6 3. Bb5 Nf6 4. Qe2 d6 5. c3 Be7 6. O-O O-O 7. Rd1 Re8 8. d3
Bf8 9. Nbd2 g6 10. Nf1 Bg7 11. Ng3 Bd7 12. a3 a6 13. Bc4 Be6 14. Bxe6 Rxe6 15.
c4 a5 16. b3 Nd7 17. Rb1 Re8 18. h4 Nc5 19. h5 Ne6 20. Be3 Nf4 21. Qd2 Qf6 22.
d4 Nh3+ 23. Kf1 Nxd4 24. Nxd4 exd4 25. Bxd4 Qxd4 26. Qxd4 Bxd4 27. Rxd4 Ng5 28.
f3 Kg7 29. Kf2 Ne6 30. Rd2 Nc5 31. Nf1 Reb8 32. b4 axb4 33. axb4 Ne6 34. hxg6
hxg6 35. Ne3 b5 36. Rc1 bxc4 37. Rxc4 Ra4 38. Nd5 c5 39. Rb2 Nd4 40. Rc1 Nc6 41.
b5 Nb4 42. Nxb4 cxb4 43. Rd1 Rxb5 44. Rxd6 b3 45. Rdd2 Kf6 46. Ke3 Ke6 47. Rd3 1/2-1/2

[Event "11th World Teams Women"]
[Site "Khanty-Mansiysk RUS"]
[Date "2017.06.19"]
[Round "3.2"]
[Board "2"]
[White "Foisor, Sabina-Francesca"]
[Black "Szczepkowska, Karina"]
[Result "1-0"]
[WhiteTitle "WGM"]
[BlackTitle "IM"]
[WhiteElo "2331"]
[BlackElo "2414"]
[WhiteTeam "United States"]
[BlackTeam "Poland"]
[WhiteFideId "1212915"]
[BlackFideId "1122681"]
[EventDate "2017.06.17"]

1. Nf3 Nf6 2. c4 e6 3. Nc3 b6 4. a3 Be7 5. g3 Bb7 6. Bg2 O-O 7. O-O c5 8. Qc2
Nc6 9. Rd1 Rc8 10. d3 d5 11. e4 d4 12. Ne2 Nd7 13. h4 Nde5 14. Nh2 Nd7 15. Nf4
Bd6 16. Nh3 e5 17. Qe2 a6 18. Bd2 b5 19. b3 bxc4 20. bxc4 Rb8 21. Rab1 Bc8 22.
Ng5 Qc7 23. Ng4 Nd8 24. Bh3 f6 25. Nf3 Rf7 26. h5 Nf8 27. Nh4 Nc6 28. Kg2 Ne7
29. Nh2 Rxb1 30. Rxb1 Bxh3+ 31. Kxh3 f5 32. N2f3 h6 33. Kg2 Qc6 34. exf5 Nxf5
35. Nxf5 Rxf5 36. Qe4 Qxe4 37. dxe4 Rf6 38. Rb7 Re6 39. Nh4 Nh7 40. Nf5 Bf8 41.
f3 Nf6 42. g4 Ne8 43. Kg3 Nd6 44. Nxd6 Rxd6 45. f4 exf4+ 46. Bxf4 Rd8 47. e5 d3
48. Bd2 Rd4 49. Kf3 Rxc4 50. e6 Bd6 51. Rd7 Rd4 52. Rd8+ Kh7 53. Bc3 d2 54. Bxd2
Rxd2 55. e7 Bxe7 56. Rxd2 c4 57. Ra2 c3 58. Ke2 Kg8 59. Kd3 Bf6 60. Re2 Kf7 61.
Re4 Bd8 62. Kxc3 Kf6 63. Kd3 a5 64. Ke3 Be7 65. Ra4 Bd8 66. Ke4 Kg5 67. Kf3 Kf6
68. Rc4 Be7 69. Rc6+ Ke5 70. Ra6 Bd8 71. Ra7 Kf6 72. Kf4 1-0

[Event "11th World Teams Women"]
[Site "Khanty-Mansiysk RUS"]
[Date "2017.06.19"]
[Round "3.3"]
[Board "4"]
[White "Melia, Salome"]
[Black "Ehab, Tasneem"]
[Result "1-0"]
[WhiteTitle "IM"]
[BlackTitle "WIM"]
[WhiteElo "2393"]
[BlackElo "1750"]
[WhiteTeam "Georgia"]
[BlackTeam "Egypt"]
[WhiteFideId "13602446"]
[BlackFideId "10623310"]
[EventDate "2017.06.17"]

1. e4 c5 2. Nf3 g6 3. c3 d5 4. exd5 Qxd5 5. d4 Bg7 6. Na3 a6 7. Bc4 Qe4+ 8. Be3
cxd4 9. Bxf7+ Kf8 10. cxd4 Bh6 11. Qb3 Bxe3 12. fxe3 Nf6 13. O-O Bf5 14. Ne5 Nc6
15. Nxc6 Qxc6 16. Rac1 Qd7 17. Nc4 Qb5 18. Nb6 Rd8 19. a4 Qxb3 20. Bxb3 Be4 21.
Rc7 Rd6 22. Nd7+ Ke8 23. Nxf6+ exf6 24. Rc8+ Rd8 25. Rxd8+ Kxd8 26. Rxf6 Re8 27.
Kf2 g5 28. Bd1 Ke7 29. Rb6 Kd7 30. Bf3 Kc7 31. a5 Rf8 32. Kg3 Re8 33. Bxe4 Rxe4
34. Kf3 Re7 35. e4 g4+ 36. Kf4 h5 37. e5 Rd7 38. Ke4 Rf7 39. Rf6 Re7 40. d5 Kd7
41. d6 Re8 42. Kd5 Rg8 43. e6+ Ke8 44. d7+ 1-0

[Event "11th World Teams Women"]
[Site "Khanty-Mansiysk RUS"]
[Date "2017.06.19"]
[Round "3.4"]
[Board "2"]
[White "Mammadzada, Gunay"]
[Black "Gunina, Valentina"]
[Result "1-0"]
[WhiteTitle "WGM"]
[BlackTitle "GM"]
[WhiteElo "2368"]
[BlackElo "2499"]
[WhiteTeam "Azerbaijan"]
[BlackTeam "Russian Federation"]
[WhiteFideId "13403729"]
[BlackFideId "4167570"]
[EventDate "2017.06.17"]

1. e4 c6 2. d4 d5 3. Nc3 dxe4 4. Nxe4 Bf5 5. Ng3 Bg6 6. h4 h6 7. Nf3 Nd7 8. h5
Bh7 9. Bd3 Bxd3 10. Qxd3 e6 11. Bd2 Ngf6 12. O-O-O Bd6 13. Qe2 Qc7 14. Nf5 Bf8
15. c4 O-O-O 16. Ng3 Bd6 17. Ne4 Nxe4 18. Qxe4 c5 19. Bc3 Rhe8 20. Kb1 Kb8 21.
g3 a6 22. Ne5 Nb6 23. dxc5 Bxc5 24. Nd3 Na4 25. Bxg7 Ka8 26. Nxc5 Qxc5 27. Qc2
Nb6 28. Rc1 Qg5 29. Qh7 Qc5 30. Qc2 Qg5 31. Qh7 Qc5 32. Rh4 Qxf2 33. Rf4 Qe2 34.
Rxf7 Rd1 35. Bxh6 Red8 36. Rxb7 Nd7 37. Rb4 Rc8 38. Qc2 Qxc2+ 39. Kxc2 Rd4 40.
Bg7 Rg4 41. h6 a5 42. Rb3 Nc5 43. Rf3 Ne4 44. Rf4 Rxc4+ 45. Kd1 Rxf4 46. gxf4
Nf2+ 47. Kd2 Ne4+ 48. Kd3 Rxc1 49. Kxe4 Re1+ 50. Kd4 Rh1 51. Ke5 Kb7 52. Kxe6
Kc7 53. f5 Kd8 54. f6 Re1+ 55. Kf7 Rh1 56. Kg8 1-0

[Event "11th World Teams Women"]
[Site "Khanty-Mansiysk RUS"]
[Date "2017.06.20"]
[Round "4.1"]
[Board "1"]
[White "Ushenina, Anna"]
[Black "Pham, Le Thao Nguyen"]
[Result "1-0"]
[WhiteTitle "GM"]
[BlackTitle "IM"]
[WhiteElo "2458"]
[BlackElo "2344"]
[WhiteTeam "Ukraine"]
[BlackTeam "Vietnam"]
[WhiteFideId "14110911"]
[BlackFideId "12401226"]
[EventDate "2017.06.17"]

1. d4 Nf6 2. c4 e6 3. Nf3 d5 4. Nc3 a6 5. cxd5 exd5 6. Bg5 c6 7. Qc2 Be7 8. e3
O-O 9. Bd3 Nbd7 10. O-O Re8 11. Rab1 Nf8 12. b4 Bg4 13. Ne5 Be6 14. a4 Rc8 15.
h3 N6d7 16. Bf4 Nxe5 17. Bxe5 f6 18. Bg3 Bf7 19. Qb3 Bd6 20. Bxd6 Qxd6 21. Rfc1
Qd7 22. Ne2 b5 23. Rc3 g5 24. Qc2 Bg6 25. Ng3 Bxd3 26. Qxd3 Ng6 27. Qf5 Re6 28.
Qc2 Ne7 29. Ra1 Rd6 30. axb5 axb5 31. Rca3 Qe6 32. Ra7 Rd7 33. Nh5 Rxa7 34. Rxa7
f5 35. Qc5 Re8 36. Rc7 Kf7 37. Ra7 Kg6 38. Ng3 h6 39. Qc2 Rf8 40. Ne2 Kg7 41.
Nc1 Rf7 42. Nd3 Ng6 43. Ra6 Rf6 44. Nc5 Qe8 45. Qa2 Rf7 46. Ra8 Qe7 47. Qa6 f4
48. Qxc6 fxe3 49. Ne6+ Kh7 50. fxe3 Qf6 51. Qxd5 g4 52. Kh2 g3+ 53. Kxg3 Ne7 54.
Qe4+ Nf5+ 55. Kh2 Qg6 56. Qe5 1-0

[Event "11th World Teams Women"]
[Site "Khanty-Mansiysk RUS"]
[Date "2017.06.20"]
[Round "4.1"]
[Board "3"]
[White "Osmak, Iulija"]
[Black "Nguyen, Thi Mai Hung"]
[Result "1/2-1/2"]
[WhiteTitle "WGM"]
[BlackTitle "WGM"]
[WhiteElo "2350"]
[BlackElo "2301"]
[WhiteTeam "Ukraine"]
[BlackTeam "Vietnam"]
[WhiteFideId "14101602"]
[BlackFideId "12401676"]
[EventDate "2017.06.17"]

1. d4 d5 2. Bf4 Nf6 3. e3 c5 4. c3 Qb6 5. Qb3 c4 6. Qc2 g6 7. Nd2 Bf5 8. Qc1 Bg7
9. h3 Nc6 10. Ngf3 O-O 11. Be2 Rfc8 12. O-O Qd8 13. Ne5 b5 14. Bf3 a5 15. a4 Qb6
16. axb5 Qxb5 17. Re1 Ra6 18. Ra2 Nxe5 19. Bxe5 Bd3 20. Bd1 a4 21. Bc2 Bxc2 22.
Qxc2 Rca8 23. Rea1 Qc6 24. Qd1 e6 25. Qf3 Ne4 26. Nxe4 dxe4 27. Qd1 f6 28. Bg3
Bf8 29. f3 f5 30. Qe2 exf3 31. gxf3 a3 32. bxa3 Rxa3 33. Rxa3 Rxa3 34. Rxa3 Bxa3
35. e4 Kf7 36. Kg2 Qb5 37. Bf2 Qc6 38. Qd2 fxe4 39. Qf4+ Kg8 40. fxe4 Bd6 41.
Qf3 Qb7 42. e5 Qxf3+ 43. Kxf3 Bc7 44. Ke4 Ba5 45. Be1 g5 46. d5 exd5+ 47. Kxd5
Kf7 48. Kxc4 Ke6 49. Kd4 h5 50. Bg3 h4 51. Bh2 Bb6+ 52. Ke4 Ba7 53. c4 Bc5 54.
Kf3 Kf5 55. e6 Kxe6 56. Kg4 Be3 57. Bc7 Kd7 58. Ba5 Kc6 59. Bb4 Kd7 60. Kf5 Bf4
61. Bc5 Bd2 62. Bf8 Be3 63. Bh6 Kd6 64. Bxg5 Bf2 65. Ke4 Kc5 66. Kd3 Kd6 67. Be3
Bxe3 68. Kxe3 Kc5 69. Kd3 Kc6 70. Kd4 Kd6 71. c5+ Kc6 72. Kc4 Kc7 73. Kd5 Kd7
74. c6+ Kc7 75. Kc5 Kc8 76. Kd6 Kd8 77. c7+ Kc8 78. Kc6 1/2-1/2

[Event "11th World Teams Women"]
[Site "Khanty-Mansiysk RUS"]
[Date "2017.06.20"]
[Round "4.2"]
[Board "3"]
[White "Mammadova, Gulnar"]
[Black "Zhao, Xue"]
[Result "1-0"]
[WhiteTitle "IM"]
[BlackTitle "GM"]
[WhiteElo "2362"]
[BlackElo "2490"]
[WhiteTeam "Azerbaijan"]
[BlackTeam "China"]
[WhiteFideId "13403508"]
[BlackFideId "8601283"]
[EventDate "2017.06.17"]

1. e4 e5 2. Nf3 Nc6 3. Bc4 Bc5 4. O-O Nf6 5. d3 d6 6. c3 O-O 7. a4 a5 8. Bg5 h6
9. Bh4 g5 10. Bg3 Kg7 11. Nbd2 Nh7 12. Nb3 Bb6 13. d4 h5 14. h4 g4 15. Ne1 f5
16. exf5 Bxf5 17. Nd3 Ne7 18. Nbc1 exd4 19. Nf4 dxc3 20. bxc3 Ng6 21. Nxh5+ Kh6
22. Nf4 Nxh4 23. Qd2 Qg5 24. Nce2 Kg7 25. Nd4 Kh8 26. Bxh4 Qxh4 27. Nxf5 Qg5 28.
Ne7 Rxf4 29. Qxf4 Qxf4 30. Ng6+ Kg7 31. Nxf4 Ng5 32. Nh5+ Kh6 33. Ng3 Rf8 34.
Rae1 Rf4 35. Bb3 Kg6 36. Re8 Nh7 37. Bc2+ Kf7 38. Re4 Rxe4 39. Bxe4 Nf6 40. Bxb7
Nd7 41. Kh2 Ne5 42. f3 gxf3 43. Bxf3 Ke6 44. Ne2 Be3 45. Nd4+ Kd7 46. Be4 Bd2
47. Nf3 Bxc3 48. Nxe5+ Bxe5+ 49. Kh3 c6 50. Kg4 d5 51. Kf5 Kd6 52. Rd1 Bb2 53.
Bf3 d4 54. Ke4 1-0

[Event "11th World Teams Women"]
[Site "Khanty-Mansiysk RUS"]
[Date "2017.06.20"]
[Round "4.2"]
[Board "4"]
[White "Lei, Tingjie"]
[Black "Balajayeva, Khanim"]
[Result "1-0"]
[WhiteTitle "GM"]
[BlackTitle "WFM"]
[WhiteElo "2488"]
[BlackElo "2283"]
[WhiteTeam "China"]
[BlackTeam "Azerbaijan"]
[WhiteFideId "8605114"]
[BlackFideId "13406396"]
[EventDate "2017.06.17"]

1. c4 e6 2. d4 d5 3. Nf3 c5 4. cxd5 exd5 5. g3 Nc6 6. Bg2 Nf6 7. O-O Be7 8. Nc3
O-O 9. Bg5 cxd4 10. Nxd4 h6 11. Be3 Re8 12. Rc1 Bg4 13. h3 Be6 14. Nxe6 fxe6 15.
f4 Qd7 16. Bf2 Rad8 17. Qd2 Bb4 18. a3 Bxc3 19. Rxc3 e5 20. fxe5 Ne4 21. Bxe4
dxe4 22. Qxd7 Rxd7 23. Be3 Rxe5 24. Rc4 g5 25. Rf6 Kh7 26. Kg2 a6 27. h4 Ne7 28.
hxg5 hxg5 29. Bd4 Rf5 30. Bc3 Rxf6 31. Bxf6 Kg6 32. Bxe7 Rxe7 33. g4 Kf6 34. Kf2
e3+ 35. Kf3 Rh7 36. Kxe3 Rh3+ 37. Kd4 Rg3 38. Kd5 Rg2 39. Re4 Rg1 40. Kc5 Rd1
41. Kb6 Rd7 42. b4 Rh7 43. a4 Rd7 44. a5 Kf7 45. Rc4 Kf6 46. Rc7 Rd4 47. b5 axb5
48. Kxb7 b4 49. a6 b3 50. Rc6+ Ke7 51. Rc1 Rxg4 52. a7 b2 53. Rc7+ Kd6 54. Rc6+
Ke5 55. Rb6 Ra4 56. Rxb2 g4 57. a8=Q Rxa8 58. Kxa8 g3 59. Rb8 1-0

[Event "11th World Teams Women"]
[Site "Khanty-Mansiysk RUS"]
[Date "2017.06.20"]
[Round "4.3"]
[Board "3"]
[White "Khotenashvili, Bela"]
[Black "Gunina, Valentina"]
[Result "1-0"]
[WhiteTitle "GM"]
[BlackTitle "GM"]
[WhiteElo "2452"]
[BlackElo "2499"]
[WhiteTeam "Georgia"]
[BlackTeam "Russian Federation"]
[WhiteFideId "13602640"]
[BlackFideId "4167570"]
[EventDate "2017.06.17"]

1. d4 Nf6 2. c4 e6 3. Nf3 b6 4. Bf4 Bb7 5. e3 Bb4+ 6. Nfd2 O-O 7. a3 Be7 8. Nc3
c5 9. d5 exd5 10. cxd5 Bxd5 11. Nxd5 Nxd5 12. Qf3 Nc7 13. Qb7 d6 14. Nc4 Nba6
15. Nxd6 Rb8 16. Qf3 b5 17. Nf5 Bf6 18. Rd1 Qe8 19. Bd3 Bxb2 20. Nxg7 Bxg7 21.
Bxc7 Qe6 22. Bxb8 Bc3+ 23. Kf1 Rxb8 24. g3 Nc7 25. Qh5 c4 26. Bxh7+ Kg7 27. Bf5
Qf6 28. Rd7 Ne8 29. Kg2 a5 30. Rhd1 Bb2 31. Rxf7+ Qxf7 32. Rd7 Qxd7 33. Qh7+ Kf8
34. Qxd7 Bxa3 35. Bg6 Nd6 36. e4 Rb7 37. Qe6 Rc7 38. e5 Nf7 39. Qb6 Re7 40. Bxf7
Rxf7 41. Qxb5 c3 42. Qxa5 Bb2 43. Qc5+ Kg7 44. e6 Rf6 45. Qg5+ 1-0

[Event "11th World Teams Women"]
[Site "Khanty-Mansiysk RUS"]
[Date "2017.06.20"]
[Round "4.4"]
[Board "3"]
[White "Yu, Jennifer R"]
[Black "Elansary, Eman"]
[Result "1-0"]
[WhiteTitle "WIM"]
[BlackTitle "WIM"]
[WhiteElo "2319"]
[BlackElo "1887"]
[WhiteTeam "United States"]
[BlackTeam "Egypt"]
[WhiteFideId "2078341"]
[BlackFideId "10606700"]
[EventDate "2017.06.17"]

1. c4 e5 2. Nc3 Nc6 3. g3 d6 4. Bg2 g6 5. e3 Bg7 6. Nge2 Be6 7. Nd5 Nge7 8. d3
O-O 9. O-O Rb8 10. b3 Qd7 11. Bb2 Nf5 12. Qd2 h5 13. f4 Nce7 14. e4 Nh6 15. fxe5
dxe5 16. Nf6+ Bxf6 17. Rxf6 Ng4 18. Rff1 Kh7 19. h3 Nh6 20. Bxe5 Bxh3 21. Nf4
Bxg2 22. Kxg2 Ng4 23. Bb2 f6 24. d4 Rbe8 25. Rae1 b6 26. Qc2 c6 27. Ba3 Qxd4 28.
Ne6 Qe5 29. Nxf8+ Rxf8 30. Bb2 Qe6 31. Qd2 c5 32. Re2 Rf7 33. Rd1 Nc6 34. Qd5
Re7 35. Qxe6 Rxe6 36. Rd7+ Kh6 37. Re1 Nge5 38. Bxe5 Nxe5 39. Rxa7 Rd6 40. Re2
Kg5 41. Rf2 Nd3 42. Rf1 Kg4 43. Rf7 Kg5 44. Rd1 h4 45. gxh4+ Kxh4 46. Rxd3 Rxd3
47. Rxf6 g5 48. e5 Re3 49. Kf2 Rxe5 50. Kf3 Kh5 51. Rxb6 g4+ 52. Kf4 Rg5 53. Rb8
Rg7 54. Rh8+ Kg6 55. Kxg4 Kf6+ 56. Kf4 Ke6 57. Ra8 Rg1 58. Rd8 Rf1+ 59. Ke3 Ra1
60. Rd5 Rxa2 61. Rxc5 Rb2 62. Rb5 Kd6 63. Kd3 Kc6 64. Kc3 Rh2 65. Rg5 Rf2 66.
Rg6+ Kc7 67. Kb4 Rf3 68. c5 Rf7 69. Kb5 Kb7 70. b4 Re7 71. Rb6+ Kc7 72. Ra6 Kb7
73. c6+ Kb8 74. Ra1 Re5+ 75. Kb6 Re7 76. c7+ 1-0